Nhập môn kinh tế lượng - Cách tiếp cận hiện đại T.1

Tên sách tiếng Anh: Introductory econometrics: A modern approach; Tìm hiểu bản chất của kinh tế lượng và dữ liệu kinh tế. Phân tích hồi quy với dữ liệu chéo và phân tích hồi quy với dữ liệu chuỗi thời gian...

全面介紹

Đã lưu trong:
書目詳細資料
主要作者: Wooldridge, Jeffrey M
其他作者: Trần, Thị Tuấn Anh
格式: 圖書
語言:Undetermined
出版: Tp. Hồ Chí Minh Kinh tế Tp. Hồ Chí Minh 2017
主題:
在線閱讀:http://lrc.tdmu.edu.vn/opac/search/detail.asp?aID=2&ID=33800
標簽: 添加標簽
沒有標簽, 成為第一個標記此記錄!
Thư viện lưu trữ: Trung tâm Học liệu Trường Đại học Thủ Dầu Một
LEADER 01093nam a2200229Ia 4500
001 TDMU_33800
008 210410s9999 xx 000 0 und d
082 |a 895.9228408 
090 |b W432 
100 |a Wooldridge, Jeffrey M 
245 0 |a Nhập môn kinh tế lượng - Cách tiếp cận hiện đại 
245 0 |c Jeffrey M. Wooldridge; Trần Thị Tuấn Anh (ch.b. dịch) 
245 0 |n T.1 
260 |a Tp. Hồ Chí Minh 
260 |b Kinh tế Tp. Hồ Chí Minh 
260 |c 2017 
300 |a 552tr. 
520 |a Tên sách tiếng Anh: Introductory econometrics: A modern approach; Tìm hiểu bản chất của kinh tế lượng và dữ liệu kinh tế. Phân tích hồi quy với dữ liệu chéo và phân tích hồi quy với dữ liệu chuỗi thời gian 
650 |a Kinh tế lượng 
700 |a Trần, Thị Tuấn Anh 
856 |u http://lrc.tdmu.edu.vn/opac/search/detail.asp?aID=2&ID=33800 
980 |a Trung tâm Học liệu Trường Đại học Thủ Dầu Một